| 000 | 01822nam0a22003371 4500 | ||
|---|---|---|---|
| 001 | rc\689683 | ||
| 005 | 20250621212806.0 | ||
| 035 | _a(NLR Aleph) 005926432 | ||
| 090 |
_a6532042 _c6532042 |
||
| 100 | _a20031121d1985 |||y0rusy50 ca | ||
| 101 | 0 | _arus | |
| 102 | _aRU | ||
| 105 | _aa ||||||||| | ||
| 200 | 1 |
_aСеребряный караван _eПовести и рассказы _eПер. с каз. _fДукенбай Досжанов _g[Вступ. ст. А. Кекильбаева _gИл. В. Колтунова] |
|
| 210 |
_aМ. _cХудож. лит. _d1985 |
||
| 215 |
_a400 с. _cил. _d20 |
||
| 327 | 1 | _aСодерж.: Повести: Серебряный караван; Лодочник; Полынь и цветы; Фараби; У тигра своя тропа; Рассказы: Кумыс; Много ли богатства нужно человеку; Ветер Львиная Грива | |
| 464 | 0 |
_12001#$aСеребряный караван _tСеребряный караван |
|
| 464 | 0 |
_12001#$aЛодочник _tЛодочник |
|
| 464 | 0 |
_12001#$aПолынь и цветы _tПолынь и цветы |
|
| 464 | 0 |
_12001#$aФараби _tФараби |
|
| 464 | 0 |
_12001#$aУ тигра своя тропа _tУ тигра своя тропа |
|
| 464 | 0 |
_12001#$aКумыс _tКумыс |
|
| 464 | 0 |
_12001#$aМного ли богатства нужно человеку _tМного ли богатства нужно человеку |
|
| 464 | 0 |
_12001#$aВетер Львиная Грива _tВетер Львиная Грива |
|
| 700 | 1 |
_7ca _8rus _aДосжанов _bД. Д. _f1942-2013 _gДукенбай Досжанович _9247477 _3RU\NLR\AUTH\770247533 |
|
| 801 | 0 |
_aRU _bNLR _gpsbo |
|
| 801 | 1 |
_aRU _bELAR _2rusmarc |
|
| 852 |
_aNLR _j85-3/10788 |
||
| 942 | _cBOOK | ||
| 980 | _aNB | ||